Lenten thoughts: (Record no. 193203)

MARC details
000 -LEADER
fixed length control field 00589nam a22001817a 4500
005 - DATE AND TIME OF LATEST TRANSACTION
control field 20221017165233.0
010 ## - LCCN (DPL NO)
LC control number ENG-135457
020 ## - INTERNATIONAL STANDARD BOOK NUMBER
International Standard Book Number 9789390569816
Terms of availability 225.00
035 ## - SYSTEM CONTROL NUMBER
System control number EN-118989
037 ## - SOURCE OF ACQUISITION
Source of stock number/acquisition DBAD/PUB
082 ## - DEWEY DECIMAL CLASSIFICATION NUMBER
Classification number 888.08
100 ## - MAIN ENTRY--PERSONAL NAME
Personal name Thomas, Roy p
245 ## - TITLE STATEMENT
Title Lenten thoughts:
Remainder of title reduce carbon footprints practise carbon fasting
Statement of responsibility, etc by Roy P Thomas
260 ## - PUBLICATION, DISTRIBUTION, ETC. (IMPRINT)
Name of publisher, distributor, etc ISPCK
Place of publication, distribution, etc Delhi
Date of publication, distribution, etc 2022
270 ## - ADDRESS
Address post box 1585, 1654 madarsa road, kashmere gate
City delhi
Postal code 110006
Telephone number 011-23866323
300 ## - PHYSICAL DESCRIPTION
Extent 107p.
Dimensions 22cm(pbk)
Other physical details bibliography
942 ## - ADDED ENTRY ELEMENTS (KOHA)
Source of classification or shelving scheme Dewey Decimal Classification
Item type English Books
Call number suffix THO
Classification part 888.08
Holdings
Withdrawn status Lost status Not for loan Collection code Home library Current library Date acquired Source of acquisition Cost, normal purchase price Full call number Barcode Copy number Cost, replacement price Koha item type
      Non-fiction R.K.Puram-8 R.K.Puram-8 17/10/2022 DBAD/PUB 225.00 888.08 THO EN-118989 1 225.00 English Books

© Delhi Public Library
Hit Counter
free hit counter